[Event "Tournoi Skype 029B"]
[Site "Skype"]
[Date "????.??.??"]
[Round "1.37"]
[White "Malbec, Robert"]
[Black "Colangelo, Michele"]
[Result "1-0"]
[WhiteElo "1214"]
[BlackElo "1000"]
[PlyCount "111"]

1. e4 c5 2. Nf3 d6 3. d4 cxd4 4. Nxd4 Nf6 5. Nc3 e5 6. Nf3 Be7 7. Bc4 O-O 8.
Bg5 h6 9. Bh4 Bg4 10. O-O Nc6 11. Be2 Qb6 12. b3 a6 13. h3 Bh5 14. Bxf6 Bxf6
15. Nd5 Qd8 16. Nh2 Bxe2 17. Qxe2 Nd4 18. Qd1 Rc8 19. c4 b5 20. Rc1 bxc4 21.
bxc4 Bg5 22. Rc3 Ne6 23. Nf3 Qa5 24. Qc2 Nc7 25. Nxg5 Nxd5 26. exd5 hxg5 27.
Rc1 Rc5 28. a3 Qc7 29. Qf5 Qe7 30. Qc2 Qd7 31. Qd2 f6 32. Qe2 Qf5 33. Rf3 Qg6
34. Qd2 Rfc8 35. Rfc3 Qe8 36. Qb2 Rb8 37. Qc2 Qe7 38. Rb1 Rxb1+ 39. Qxb1 Qc7
40. Qe4 Qa5 41. Qc2 Rc7 42. Qb2 Rc5 43. Qb4 Qc7 44. Qa4 Qc8 45. f3 Kh7 46. g4
Qb7 47. Qc2+ Kg8 48. Kg2 Kf7 49. Kg3 Qd7 50. h4 gxh4+ 51. Kxh4 g6 52. Kg3 f5
53. Qh2 f4+ 54. Kf2 Qa7 55. Qh7+ Kf6 56. Qxa7 1-0

[Event "Tournoi Skype 029B"]
[Site "Skype"]
[Date "????.??.??"]
[Round "1.38"]
[White "Cunha Pires, Odsel Jorge Geronimo"]
[Black "Mishra, Vikash"]
[Result "0-1"]
[WhiteElo "1000"]
[BlackElo "1214"]
[PlyCount "72"]

1. e4 c5 2. Nf3 d6 3. Bc4 e5 4. d3 h6 5. Be3 Nf6 6. c3 Bg4 7. Nbd2 Be7 8. O-O
O-O 9. Re1 Nc6 10. Qb3 Rb8 11. Bxf7+ Rxf7 12. Nf1 Bxf3 13. gxf3 Qd7 14. Ng3 d5
15. exd5 Nxd5 16. Bd2 Kh8 17. Rad1 Rxf3 18. Kf1 Rbf8 19. c4 Ndb4 20. Re2 Nxd3
21. Be3 e4 22. Red2 Qg4 23. Rxd3 exd3 24. Qxd3 Rd8 25. Qxd8+ Bxd8 26. Rxd8+
Nxd8 27. b4 cxb4 28. c5 Ne6 29. Ke1 Nf4 30. h3 Nxh3 31. Kd2 Nxf2 32. Ne2 Qc4
33. Nd4 Qd3+ 34. Ke1 Rxe3+ 35. Kxf2 Qd2+ 36. Kf1 Re1# 0-1

[Event "Tournoi Skype 029B"]
[Site "Skype"]
[Date "????.??.??"]
[Round "1.40"]
[White "De Nobrega, George"]
[Black "Diaz Yara, Jose Mauricio"]
[Result "1/2-1/2"]
[WhiteElo "1205"]
[BlackElo "1000"]
[PlyCount "93"]

1. e4 e5 2. Nf3 Nc6 3. Bc4 d6 4. a3 Nf6 5. Nc3 Nd4 6. h3 Be6 7. Bxe6 fxe6 8. d3
Qe7 9. Be3 O-O-O 10. Nxd4 exd4 11. Bxd4 e5 12. Bxa7 c6 13. Bb6 Re8 14. Be3 d5
15. exd5 Nxd5 16. Nxd5 cxd5 17. O-O Qf6 18. Qg4+ Re6 19. Bg5 Qg6 20. Qg3 h6 21.
Bh4 Qf7 22. Qe3 d4 23. Qd2 b6 24. c3 g5 25. Bg3 Bc5 26. cxd4 exd4 27. Rac1 Qe7
28. b4 Rc6 29. bxc5 Rxc5 30. Rxc5+ Qxc5 31. Rc1 Qxc1+ 32. Qxc1+ Kb7 33. Qc7+
Ka6 34. Qc4+ Kb7 35. Qxd4 Re8 36. Qd7+ Ka6 37. Qxe8 h5 38. d4 g4 39. hxg4 hxg4
40. d5 Ka5 41. Bc7 g3 42. Bxb6+ Kxb6 43. f3 Ka5 44. Qb8 Ka4 45. d6 Ka5 46. d7
Ka6 47. d8=Q 1/2-1/2

[Event "Tournoi Skype 029B"]
[Site "Skype"]
[Date "????.??.??"]
[Round "1.41"]
[White "Duenas Luna, Carlos Eduardo"]
[Black "Barba Cepeda, Julio Cesar"]
[Result "0-1"]
[WhiteElo "1000"]
[BlackElo "1204"]
[PlyCount "80"]

1. e4 e5 2. Bc4 Nf6 3. d3 Bc5 4. Bg5 Nc6 5. Bxf6 Qxf6 6. Qf3 Qxf3 7. Nxf3 d6 8.
Ng5 O-O 9. Nd2 Nd4 10. Bb3 Nxb3 11. Nxb3 Bb6 12. h3 h6 13. Nf3 Re8 14. Rd1 Bd7
15. O-O a5 16. Nbd2 Bc6 17. c3 Rad8 18. Rfe1 d5 19. exd5 Bxd5 20. Rxe5 Bxa2 21.
Rxe8+ Rxe8 22. b3 Re2 23. d4 c5 24. Kf1 Re6 25. Ra1 Bxb3 26. Nxb3 cxd4 27. cxd4
Rc6 28. Nxa5 Bxa5 29. Rxa5 Ra6 30. Rb5 b6 31. Ne5 Ra4 32. d5 f6 33. Nf3 Ra5 34.
Rxb6 Rxd5 35. g3 Kf7 36. Kg2 Kg6 37. g4 h5 38. g5 Kf7 39. Rxf6+ gxf6 40. gxf6
Kxf6 0-1

[Event "Tournoi Skype 029B"]
[Site "Skype"]
[Date "????.??.??"]
[Round "1.42"]
[White "Dos Reis Cabrera, Jose Manuel"]
[Black "Elvira Sanchez, Adalberto"]
[Result "0-1"]
[WhiteElo "1202"]
[BlackElo "1000"]
[PlyCount "40"]

1. d4 d5 2. Bf4 Nf6 3. e3 Nc6 4. c3 Bf5 5. Bd3 Bxd3 6. Qxd3 e5 7. dxe5 Nh5 8.
Bg3 Nxg3 9. hxg3 Nxe5 10. Qc2 h6 11. Nd2 Qd7 12. Ngf3 Nxf3+ 13. gxf3 O-O-O 14.
O-O-O Bd6 15. Nb3 Rhe8 16. Rxd5 Qe6 17. Qd2 c6 18. Rd3 Re7 19. Nc5 Bxc5 20. Rd7
Rdxd7 0-1

[Event "Tournoi Skype 029B"]
[Site "Skype"]
[Date "????.??.??"]
[Round "1.43"]
[White "Fernandez Arrizabala, Raul"]
[Black "Milanese, Serge"]
[Result "1-0"]
[WhiteElo "1000"]
[BlackElo "1202"]
[PlyCount "103"]

1. e4 e5 2. Nf3 Nc6 3. Bb5 Nf6 4. O-O a6 5. Bxc6 dxc6 6. Nxe5 Be6 7. Nc3 Be7 8.
d3 O-O 9. a3 c5 10. Re1 c6 11. Bg5 Ng4 12. Bxe7 Qxe7 13. Nxg4 Qd7 14. Ne5 Qd4
15. Nf3 Qf6 16. e5 Qg6 17. Nh4 Qg5 18. Re4 f5 19. exf6 Qxf6 20. Qe2 Rae8 21.
Re1 Bg4 22. Qxg4 Qxf2+ 23. Kh1 Rxe4 24. Rg1 Re1 25. Nf3 Rxg1+ 26. Nxg1 Re8 27.
Ne4 Qd4 28. c3 Qe5 29. Nf3 Rf8 30. h3 Qf4 31. Qxf4 Rxf4 32. Nxc5 Rf5 33. b4 Kf7
34. Nxb7 Ke7 35. Nc5 a5 36. d4 axb4 37. cxb4 Kd6 38. a4 Rf8 39. a5 Rb8 40. a6
Ra8 41. g4 h6 42. Kg2 Kd5 43. Ne5 Kxd4 44. Nxc6+ Kc4 45. Kg3 Kb5 46. Ne5 Kxb4
47. Ned7 Kb5 48. Kh4 Kc6 49. Kh5 Rxa6 50. Nxa6 Kxd7 51. Kg6 Ke7 52. Kxg7 1-0

[Event "Tournoi Skype 029B"]
[Site "Skype"]
[Date "????.??.??"]
[Round "1.45"]
[White "Fuentes, Francisco"]
[Black "Alarcon Alarcon, Marina"]
[Result "0-1"]
[WhiteElo "1000"]
[BlackElo "1198"]
[PlyCount "88"]

1. e4 e5 2. Nf3 Nc6 3. Bc4 Be7 4. O-O Nf6 5. d4 exd4 6. h3 d6 7. Bg5 h6 8. Bxf6
Bxf6 9. Bd3 Be6 10. a3 Be5 11. Nbd2 O-O 12. Qe2 a6 13. Nxe5 Nxe5 14. Rad1 Qg5
15. g3 Bxh3 16. Rfe1 Qf6 17. b4 Bg4 18. Qf1 Bxd1 19. Rxd1 c5 20. Kg2 Nxd3 21.
Qxd3 Qg6 22. f4 f5 23. Qc4+ Kh7 24. Re1 Qf7 25. Qd5 Qxd5 26. exd5 Rae8 27. Rxe8
Rxe8 28. Nc4 Re2+ 29. Kf3 Rxc2 30. Nxd6 d3 31. Nxf5 d2 32. Ne3 Rc3 33. d6 d1=Q+
34. Ke4 Qd4+ 35. Kf3 Qxe3+ 36. Kg4 Qxg3+ 37. Kf5 Qg6+ 38. Ke5 Rd3 39. bxc5 Qf6+
40. Ke4 Qd4+ 41. Kf5 Qxc5+ 42. Ke6 Qxd6+ 43. Kf7 Qf6+ 44. Ke8 Rd8# 0-1

[Event "Tournoi Skype 029B"]
[Site "Skype"]
[Date "????.??.??"]
[Round "1.47"]
[White "Grib, Jessica"]
[Black "Yepez, German"]
[Result "0-1"]
[WhiteElo "1000"]
[BlackElo "1191"]
[PlyCount "82"]

1. e4 e5 2. Nf3 d6 3. Bc4 Be7 4. c3 Bg4 5. h3 Bxf3 6. Qxf3 Nf6 7. d4 Nc6 8. d5
Na5 9. Bb5+ c6 10. dxc6 bxc6 11. Bd3 Nb7 12. Nd2 O-O 13. b4 c5 14. Ba3 d5 15.
c4 dxc4 16. Bxc4 cxb4 17. Bb2 Rc8 18. Bxe5 Na5 19. Be2 Rc2 20. Bf4 h6 21. O-O
Nh7 22. Bd1 Rxd2 23. Bxd2 Qxd2 24. Bb3 Bf6 25. Rab1 Nxb3 26. Rxb3 Bc3 27. a3 a5
28. a4 Re8 29. Qf5 Re5 30. Qc8+ Nf8 31. f3 g6 32. Kh1 Kg7 33. Rg1 Ne6 34. g4
Nf4 35. Rbb1 Nxh3 36. Rg3 Nf2+ 37. Kh2 Nxg4+ 38. Kh3 Nf2+ 39. Kh2 Rh5+ 40. Kg2
Nd1+ 41. Kg1 Qf2# 0-1

[Event "Tournoi Skype 029B"]
[Site "Skype"]
[Date "????.??.??"]
[Round "1.48"]
[White "Chavez Cruz, Isidro"]
[Black "Guevara, Lizbeth"]
[Result "0-1"]
[WhiteElo "1190"]
[BlackElo "1000"]
[PlyCount "64"]

1. Nf3 d6 2. b4 e5 3. e3 Nf6 4. Bb2 Be6 5. Nc3 a6 6. a3 Be7 7. h3 h6 8. Be2 c6
9. O-O O-O 10. d4 e4 11. Nd2 d5 12. f3 Qc7 13. f4 Bf5 14. Nb3 Nbd7 15. b5 cxb5
16. a4 b4 17. Na2 Rac8 18. Nac1 Qxc2 19. Qxc2 Rxc2 20. Ra2 Rfc8 21. Ba1 Nb6 22.
Rxc2 Rxc2 23. a5 Nc4 24. Bxc4 dxc4 25. Nc5 Nd5 26. Nxb7 Nxe3 27. Rf2 Rxc1+ 28.
Kh2 Rxa1 29. g4 c3 30. gxf5 c2 31. Nc5 c1=Q 32. Nxa6 Qg1# 0-1

[Event "Tournoi Skype 029B"]
[Site "Skype"]
[Date "????.??.??"]
[Round "1.49"]
[White "Herrera, Oscar"]
[Black "Ruiz Gomez, Luz Alba"]
[Result "1/2-1/2"]
[WhiteElo "1000"]
[BlackElo "1190"]
[PlyCount "46"]

1. e4 e5 2. Nf3 Nc6 3. Bc4 Bc5 4. Nc3 Nf6 5. O-O O-O 6. d3 d6 7. a3 Re8 8. h3
Be6 9. Re1 a6 10. Be3 Nd4 11. Bxd4 Bxd4 12. Nxd4 exd4 13. Nd5 c6 14. Nf4 Bxc4
15. dxc4 Rxe4 16. Rxe4 Nxe4 17. Qxd4 Nf6 18. Rd1 Ne8 19. c5 h6 20. cxd6 Nf6 21.
d7 Rb8 22. b4 b5 23. Qd6 Rb6 1/2-1/2

[Event "Tournoi Skype 029B"]
[Site "Skype"]
[Date "????.??.??"]
[Round "1.50"]
[White "Conde, Carmen"]
[Black "Huerta Lopez, Cesar Rogelio"]
[Result "1-0"]
[WhiteElo "1188"]
[BlackElo "1000"]
[PlyCount "91"]

1. e4 e5 2. d4 d5 3. dxe5 dxe4 4. Qxd8+ Kxd8 5. Bg5+ Be7 6. Bxe7+ Nxe7 7. Nc3
Nbc6 8. O-O-O+ Bd7 9. Nxe4 Nxe5 10. Nf3 f6 11. Nxe5 fxe5 12. Nc5 Ke8 13. Nxd7
Rd8 14. Nxe5 Rxd1+ 15. Kxd1 Rf8 16. f3 Rf5 17. Nc4 Rd5+ 18. Bd3 b5 19. Ne3 Rd6
20. Re1 Kd8 21. Kc1 b4 22. Bxh7 Ra6 23. Rd1+ Ke8 24. Kb1 Rh6 25. Bd3 Rxh2 26.
g4 Rh3 27. Be4 Nc8 28. Bc6+ Kf8 29. a3 Rh6 30. Rd8+ Ke7 31. Rd7+ Kf8 32. Rxc7
Ne7 33. Ba4 Ra6 34. Bb3 bxa3 35. Rb7 g5 36. Nf5 Nc6 37. Rf7+ Ke8 38. Ng7+ Kd8
39. Ne6+ Kc8 40. bxa3 Nb4 41. axb4 Rb6 42. Nxg5 Rxb4 43. Kb2 Rb5 44. Ne4 a5 45.
Nd6+ Kd8 46. Nxb5 1-0

[Event "Tournoi Skype 029B"]
[Site "Skype"]
[Date "????.??.??"]
[Round "1.52"]
[White "Martin, Jean-Claude"]
[Black "Jossa Jojoa, Constanza"]
[Result "1-0"]
[WhiteElo "1184"]
[BlackElo "1000"]
[PlyCount "55"]

1. d4 b5 2. Nc3 c6 3. e4 Qb6 4. d5 e5 5. Be3 Bc5 6. Bxc5 Qxc5 7. Nf3 d6 8. dxc6
a6 9. Bd3 Nxc6 10. O-O Nf6 11. h3 Be6 12. a3 d5 13. exd5 Nxd5 14. Nxd5 Bxd5 15.
b4 Qb6 16. Re1 O-O 17. Nxe5 Rae8 18. Nd7 Qa7 19. Nxf8 Rxf8 20. Be4 Ne7 21. Bxd5
Rd8 22. Bxf7+ Kxf7 23. Qxd8 g5 24. Qh8 Kg6 25. Qe8+ Kf5 26. Qf8+ Kg6 27. Re6+
Kh5 28. Qh6# 1-0

[Event "Tournoi Skype 029B"]
[Site "Skype"]
[Date "????.??.??"]
[Round "1.53"]
[White "Lachin, Roberto"]
[Black "De Fazio, Monica"]
[Result "1-0"]
[WhiteElo "1000"]
[BlackElo "1176"]
[PlyCount "63"]

1. e4 e5 2. Nf3 Nc6 3. d4 d6 4. dxe5 Be7 5. Bb5 Bd7 6. exd6 cxd6 7. Bxc6 Bxc6
8. Nc3 Nf6 9. e5 Nd5 10. Nxd5 Bxd5 11. Qxd5 Qc7 12. Qb5+ Qd7 13. Qxd7+ Kxd7 14.
exd6 Bxd6 15. O-O Rac8 16. Ng5 f6 17. Nf7 Rhe8 18. Nxd6 Kxd6 19. c3 Kd7 20. Be3
b6 21. Rad1+ Ke7 22. a4 Rc7 23. Rd4 h6 24. Bf4 Rc5 25. Re1+ Kf7 26. Rxe8 Kxe8
27. h4 Rf5 28. g3 g5 29. hxg5 fxg5 30. Re4+ Kf7 31. Bb8 Kg6 32. Bxa7 1-0

[Event "Tournoi Skype 029B"]
[Site "Skype"]
[Date "????.??.??"]
[Round "1.54"]
[White "De Coninck, Philippe"]
[Black "Ladeia Pereira, Geraldo"]
[Result "1-0"]
[WhiteElo "1173"]
[BlackElo "1000"]
[PlyCount "73"]

1. e4 e5 2. f4 exf4 3. Nf3 Nc6 4. Bc4 Qf6 5. Nc3 Nge7 6. d3 Nd4 7. O-O g5 8. e5
Nxf3+ 9. Qxf3 Qxe5 10. Qh5 d5 11. Bb3 Be6 12. Ne2 Ng6 13. Bd2 f6 14. Bc3 Qf5
15. Nd4 Bc5 16. Kh1 Bxd4 17. Bxd4 a6 18. Rae1 O-O-O 19. g4 Qxg4 20. Qxg4 Bxg4
21. Bxf6 Rde8 22. Bxh8 Rxh8 23. Bxd5 c6 24. Be4 Nf8 25. d4 Kc7 26. Bg2 Kd6 27.
Re5 h6 28. h3 Ng6 29. Ree1 Be6 30. b3 h5 31. Rf2 g4 32. Rfe2 Nf8 33. hxg4 hxg4+
34. Kg1 f3 35. Bxf3 gxf3 36. Re3 Bg4 37. Re4 1-0

[Event "Tournoi Skype 029B"]
[Site "Skype"]
[Date "????.??.??"]
[Round "1.56"]
[White "Parrales, Rodolfo"]
[Black "Lovisi, Francesco"]
[Result "0-1"]
[WhiteElo "1171"]
[BlackElo "1000"]
[PlyCount "68"]

1. d4 Nf6 2. e3 d5 3. Bd3 c5 4. c3 e6 5. Nf3 Nbd7 6. O-O Bd6 7. Nbd2 O-O 8. e4
dxe4 9. Nxe4 Nxe4 10. Bxe4 Nf6 11. Bg5 cxd4 12. cxd4 Be7 13. Ne5 Nxe4 14. Bxe7
Qxe7 15. Qd3 Nf6 16. Rac1 b6 17. Nc6 Qd6 18. Qh3 Bb7 19. Ne5 Qxd4 20. Nf3 Bxf3
21. Qxf3 Qxb2 22. Rc7 Rfc8 23. Rd1 Rd8 24. Rxd8+ Rxd8 25. h4 Qe5 26. Rxa7 Qd5
27. Qxd5 Nxd5 28. g4 h6 29. Rb7 Rc8 30. a4 Rc4 31. Rb8+ Kh7 32. Rf8 Rxg4+ 33.
Kf1 Rxa4 34. Rxf7 Rxh4 0-1

[Event "Tournoi Skype 029B"]
[Site "Skype"]
[Date "????.??.??"]
[Round "1.58"]
[White "Rodriguez, Nathalie"]
[Black "Marroquin Mayhua, Silvia"]
[Result "1-0"]
[WhiteElo "1167"]
[BlackElo "1000"]
[PlyCount "21"]

1. d4 d5 2. Bf4 Qd7 3. e3 Nf6 4. Nc3 e6 5. Nb5 Nh5 6. Nxc7+ Ke7 7. Nxa8 Qc6 8.
Qxh5 g6 9. Qh4+ Ke8 10. Nc7+ Kd7 11. Bb5 1-0

[Event "Tournoi Skype 029B"]
[Site "Skype"]
[Date "????.??.??"]
[Round "1.59"]
[White "Busto, Ricardo"]
[Black "Martinez Roa, Alejandro"]
[Result "0-1"]
[WhiteElo "1152"]
[BlackElo "1000"]
[PlyCount "52"]

1. d4 Nf6 2. Nf3 g6 3. c4 Bg7 4. Nc3 e6 5. e4 c6 6. Bf4 Nh5 7. Be3 d5 8. cxd5
cxd5 9. e5 Nc6 10. a3 f6 11. g4 fxe5 12. gxh5 exd4 13. Nxd4 Nxd4 14. Bxd4 e5
15. Be3 d4 16. Bxd4 exd4 17. Ne4 Qe7 18. Bd3 Bf5 19. Qf3 O-O 20. O-O Rae8 21.
Rae1 Be6 22. Qg2 Bd5 23. f3 Rf5 24. hxg6 Bxe4 25. gxh7+ Kh8 26. Bxe4 Rg5 0-1

[Event "Tournoi Skype 029B"]
[Site "Skype"]
[Date "????.??.??"]
[Round "1.60"]
[White "Martins, Rodrigo Baldo"]
[Black "Rivalta, Paolo"]
[Result "0-1"]
[WhiteElo "1000"]
[BlackElo "1142"]
[PlyCount "90"]

1. e4 e5 2. Nf3 Nc6 3. Bc4 h6 4. d4 exd4 5. Nxd4 Nxd4 6. Qxd4 c5 7. Qd1 Be7 8.
Qh5 g6 9. Qd5 d6 10. Qxf7+ Kd7 11. Bb5+ Kc7 12. Nc3 Kb8 13. Bd2 Bd7 14. Qb3 Nf6
15. h3 Bxb5 16. Qxb5 a6 17. Qc4 h5 18. O-O-O b5 19. Qe6 b4 20. Nd5 Nxd5 21.
Qxd5 a5 22. Be3 a4 23. Qc6 Qa5 24. Rd3 Rc8 25. Qd5 c4 26. Ba7+ Rxa7 27. Re3
Qxd5 28. exd5 Bg5 29. Rhe1 b3 30. axb3 cxb3 31. R1e2 a3 32. Kd1 a2 33. Re1
a1=Q+ 34. Kd2 Rxc2+ 35. Kd3 Qa6+ 36. Ke4 Bxe3 37. Rxe3 Re7+ 38. Kf4 Rxe3 39.
fxe3 Rxg2 40. e4 Qf1+ 41. Ke3 Qe2+ 42. Kd4 Kb7 43. e5 Qxe5+ 44. Kc4 Qxb2 45.
Kb4 Kb6 0-1

[Event "Tournoi Skype 029B"]
[Site "Skype"]
[Date "????.??.??"]
[Round "1.62"]
[White "Mendoza Oporta, Esmerling Antonio"]
[Black "Barrionuevo, Hilario"]
[Result "0-1"]
[WhiteElo "1000"]
[BlackElo "1132"]
[PlyCount "86"]

1. e4 e5 2. Nf3 Nc6 3. Bc4 d6 4. Bb5 Bd7 5. Bxc6 Bxc6 6. O-O Bxe4 7. Ne1 Nf6 8.
d3 Bc6 9. Bg5 Be7 10. Qd2 h6 11. Bxf6 Bxf6 12. Nc3 Bg5 13. Qe2 Bh4 14. Nf3 g5
15. Nxh4 gxh4 16. Ne4 h3 17. gxh3 Rg8+ 18. Kh1 f5 19. Rg1 Rf8 20. Qh5+ Kd7 21.
Rg7+ Kc8 22. f3 Be8 23. Qxh6 fxe4 24. fxe4 d5 25. Rag1 dxe4 26. dxe4 Qd4 27.
R7g2 Rf7 28. Rg8 Qxe4+ 29. R8g2 Rh7 30. Qg5 b6 31. Qg4+ Qxg4 32. hxg4 Kb7 33.
Re1 Bc6 34. Rxe5 Rf8 35. Kg1 Bxg2 36. Kxg2 Rg7 37. g5 Rgf7 38. g6 Rf2+ 39. Kg3
R8f3+ 40. Kg4 Rf6 41. g7 Rg2+ 42. Kh3 Rxg7 43. a4 Rh6+ 0-1

[Event "Tournoi Skype 029B"]
[Site "Skype"]
[Date "????.??.??"]
[Round "1.63"]
[White "Franca, Adilson Mendes"]
[Black "Molina, Maria Lucia"]
[Result "1-0"]
[WhiteElo "1131"]
[BlackElo "1000"]
[PlyCount "57"]

1. e4 e5 2. Nf3 Nc6 3. Bc4 Bc5 4. d3 Nf6 5. O-O O-O 6. Re1 a6 7. c3 d5 8. exd5
Bg4 9. dxc6 bxc6 10. b4 Qd6 11. bxc5 Qxc5 12. Be3 Qd6 13. Nbd2 Rad8 14. Qb3 h6
15. Bxa6 Rb8 16. Qc4 Be6 17. Bc5 Qd8 18. Qh4 g5 19. Qxh6 Re8 20. Qxg5+ Kh8 21.
Nh4 Rg8 22. Qh6+ Nh7 23. d4 Rg7 24. Ne4 Qg8 25. Nf6 Qf8 26. Bxf8 Rxf8 27. Nxh7
Rfg8 28. Nf6+ Rh7 29. Qxh7# 1-0

[Event "Tournoi Skype 029B"]
[Site "Skype"]
[Date "????.??.??"]
[Round "1.64"]
[White "Molina Porfirio, Renatta"]
[Black "Hernandez, Enrique"]
[Result "1/2-1/2"]
[WhiteElo "1000"]
[BlackElo "1128"]
[PlyCount "108"]

1. e4 e5 2. Nf3 Nc6 3. Nc3 Nf6 4. h3 g6 5. Bc4 Bg7 6. d3 O-O 7. Ng5 d5 8. Bxd5
Nxd5 9. Nxd5 Na5 10. Bd2 c6 11. Ne3 b5 12. h4 c5 13. h5 Qxg5 14. Bxa5 Bb7 15.
Qe2 gxh5 16. O-O-O h4 17. Rh3 Qe7 18. g3 hxg3 19. Rxg3 f6 20. Rdg1 Rf7 21. Qh5
Kh8 22. Rh1 h6 23. Nf5 Qd7 24. Rxg7 Rxg7 25. Nxh6 Rh7 26. Rg1 c4 27. Bc3 cxd3
28. Qf5 Bxe4 29. Qxf6+ Rg7 30. Rxg7 Qxg7 31. b4 Qxf6 32. Ng4 dxc2 33. Nxf6 Bf5
34. Bxe5 a5 35. Bd6 axb4 36. Kb2 Rxa2+ 37. Kc1 b3 38. Be5 b4 39. Nd5+ Kh7 40.
Nxb4 Ra4 41. Bc3 Kh6 42. f4 Kh5 43. Nd5 Kg4 44. Ne3+ Kxf4 45. Nxf5 Kxf5 46. Kb2
Ra2+ 47. Kc1 Ke4 48. Bb2 Ra8 49. Kd2 Ra2 50. Bc1 Ra1 51. Kc3 Rxc1 52. Kxb3 Kd3
53. Kb2 Rb1+ 54. Ka2 c1=Q 1/2-1/2

[Event "Tournoi Skype 029B"]
[Site "Skype"]
[Date "????.??.??"]
[Round "1.65"]
[White "Vaquero, Roberto"]
[Black "Nicolini, Francesco"]
[Result "1-0"]
[WhiteElo "1123"]
[BlackElo "1000"]
[PlyCount "63"]

1. d4 d6 2. e4 Nf6 3. Bd3 Nbd7 4. Nf3 c5 5. c3 Qa5 6. O-O b5 7. Re1 Bb7 8. dxc5
Nxc5 9. Bc2 Ncxe4 10. Qe2 d5 11. Nbd2 e6 12. Nb3 Qc7 13. Qxb5+ Bc6 14. Qd3 Bd6
15. Be3 h5 16. h4 Ng4 17. g3 f5 18. Nbd4 Bd7 19. a4 Rf8 20. Nb5 Bxb5 21. Qxb5+
Ke7 22. Bxe4 fxe4 23. Bg5+ Kf7 24. Nd4 Bxg3 25. Rf1 Kg8 26. Nxe6 Bxf2+ 27. Rxf2
Qg3+ 28. Rg2 Rfb8 29. Qd7 Qe5 30. Rf1 Re8 31. Bf6 gxf6 32. Qg7# 1-0

[Event "Tournoi Skype 029B"]
[Site "Skype"]
[Date "????.??.??"]
[Round "1.66"]
[White "Da Silva, Jussara Maria"]
[Black "Sosa, Juan Carlos"]
[Result "0-1"]
[WhiteElo "1000"]
[BlackElo "1121"]
[PlyCount "98"]

1. e4 c5 2. Nf3 Nc6 3. c4 d6 4. Nc3 e5 5. Nd5 Bg4 6. d3 h6 7. Be2 Nf6 8. Qb3
Nd4 9. Qxb7 Nxe2 10. Kxe2 Nxd5 11. Qxd5 Rb8 12. b3 Be6 13. Qc6+ Bd7 14. Qa6 Qc7
15. Nh4 Be7 16. Nf5 O-O 17. Nxh6+ gxh6 18. Bxh6 Rfc8 19. Qa3 Bf8 20. Bxf8 Kxf8
21. Qc1 Ke7 22. Qh6 Rg8 23. Qh4+ Ke6 24. g4 Rbf8 25. Qh6+ Ke7 26. g5 Rg6 27.
Qh4 Rfg8 28. Rhg1 Qc8 29. f4 exf4 30. Qxf4 f6 31. h4 Qf8 32. e5 fxe5 33. Qxf8+
Rxf8 34. Ke3 Rf4 35. Rh1 Bg4 36. Rag1 Bf3 37. Rh3 Bg4 38. Rxg4 Rxg4 39. Kf3
Rf4+ 40. Ke3 Rg8 41. d4 cxd4+ 42. Kd2 e4 43. c5 dxc5 44. a4 Rf2+ 45. Ke1 e3 46.
a5 Ra2 47. Kd1 e2+ 48. Ke1 Rf8 49. Rd3 Rf1# 0-1

[Event "Tournoi Skype 029B"]
[Site "Skype"]
[Date "????.??.??"]
[Round "1.68"]
[White "Latterra, Jeremias"]
[Black "Pantaleon, Julio"]
[Result "0-1"]
[WhiteElo "1114"]
[BlackElo "1000"]
[PlyCount "66"]

1. e4 e5 2. Nf3 d6 3. Bc4 Be7 4. O-O Nf6 5. Nc3 O-O 6. Nd5 Nbd7 7. Nxe7+ Qxe7
8. Re1 Nb6 9. Bb3 Bd7 10. d3 h6 11. a4 a5 12. c4 c5 13. Be3 Bc6 14. Rc1 Rad8
15. d4 cxd4 16. Nxd4 Bxe4 17. Bc2 Nxc4 18. Bxe4 Nxe3 19. Rxe3 Nxe4 20. Rxe4 Qd7
21. Nf3 f5 22. Qd5+ Kh8 23. Nxe5 dxe5 24. Qxd7 Rxd7 25. Rxe5 Rfd8 26. f4 b6 27.
Rxf5 Rd1+ 28. Rxd1 Rxd1+ 29. Kf2 Rd2+ 30. Ke3 Rxb2 31. Rf8+ Kh7 32. Ra8 Rxg2
33. Rxa5 bxa5 0-1

[Event "Tournoi Skype 029B"]
[Site "Skype"]
[Date "????.??.??"]
[Round "1.69"]
[White "Parravano, Luca"]
[Black "Conde, Abigail"]
[Result "1-0"]
[WhiteElo "1000"]
[BlackElo "1112"]
[PlyCount "55"]

1. e4 c5 2. Bc4 a6 3. a4 Nc6 4. c3 Nf6 5. d3 e6 6. Nf3 d5 7. exd5 exd5 8. Bb3
Na5 9. O-O Be7 10. Bf4 O-O 11. Nbd2 Be6 12. Bc2 Qb6 13. Qb1 Bf5 14. Be3 Ng4 15.
Bg5 f6 16. Bh4 Bd6 17. Bg3 Bxg3 18. fxg3 c4+ 19. Kh1 cxd3 20. Bxd3 Nf2+ 21.
Rxf2 Qxf2 22. Bxf5 Rae8 23. Bxh7+ Kh8 24. Bg6 Re2 25. Qg1 Qc5 26. Qxc5 Rd8 27.
Qxa5 d4 28. Qxd8+ 1-0

[Event "Tournoi Skype 029B"]
[Site "Skype"]
[Date "????.??.??"]
[Round "1.70"]
[White "Guillaume, Mickael"]
[Black "Piedra, Rosa"]
[Result "1-0"]
[WhiteElo "1106"]
[BlackElo "1000"]
[PlyCount "89"]

1. e4 e5 2. Nf3 Nc6 3. Bc4 h6 4. d4 exd4 5. Nxd4 Nxd4 6. Qxd4 d5 7. Qe5+ Be7 8.
Qxg7 dxc4 9. Qxh8 Bb4+ 10. c3 Qd3 11. Qxg8+ Ke7 12. Bxh6 Qxe4+ 13. Be3 Bc5 14.
Qg5+ Kd6 15. Nd2 Qe7 16. Nxc4+ Kd7 17. O-O-O+ Ke8 18. Qg8+ Qf8 19. Qxf8+ Kxf8
20. Bxc5+ Ke8 21. Rhe1+ Be6 22. Rd7 Kxd7 23. Ne5+ Ke8 24. h4 a5 25. h5 f6 26.
Nf3 b6 27. Bd4 a4 28. h6 Kd7 29. Bxf6 a3 30. b3 c5 31. h7 Rf8 32. h8=Q Rxh8 33.
Bxh8 Kc6 34. Ne5+ Kc7 35. f3 b5 36. g4 b4 37. c4 Kd8 38. Nd3 Kc7 39. Rxe6 Kd7
40. Nxc5+ Kc7 41. Be5+ Kc8 42. g5 Kd8 43. g6 Kc8 44. g7 Kd8 45. g8=Q# 1-0

[Event "Tournoi Skype 029B"]
[Site "Skype"]
[Date "????.??.??"]
[Round "1.71"]
[White "Prieto, Jairo Ovidio"]
[Black "Reese, Evan"]
[Result "1-0"]
[WhiteElo "1000"]
[BlackElo "1102"]
[PlyCount "93"]

1. d4 d5 2. e4 dxe4 3. Nc3 Nf6 4. Bg5 b6 5. Bxf6 exf6 6. Nxe4 Bb7 7. Nc3 Be7 8.
Bb5+ Nd7 9. Nf3 O-O 10. O-O h6 11. Re1 a6 12. Bd3 c5 13. Be4 Rb8 14. Bxb7 Rxb7
15. Qe2 Bd6 16. Qxa6 Rb8 17. Rad1 cxd4 18. Nxd4 Nc5 19. Qc4 Rb7 20. Ndb5 Rd7
21. Qg4 Re7 22. Nxd6 Qxd6 23. Rxe7 Qxe7 24. Qe2 Qxe2 25. Nxe2 Re8 26. Kf1 f5
27. Rd6 Ra8 28. a3 b5 29. Rb6 Rd8 30. Ke1 Ne4 31. f3 Nd2 32. Rxb5 Nc4 33. Rb3
g5 34. Rb4 Ne3 35. Nd4 Nxg2+ 36. Kf2 Nh4 37. a4 f4 38. a5 Rd6 39. Rc4 h5 40. h3
f5 41. b4 g4 42. hxg4 fxg4 43. b5 g3+ 44. Kg1 g2 45. Kf2 Rg6 46. Ne2 Nf5 47.
Rxf4 1-0

[Event "Tournoi Skype 029B"]
[Site "Skype"]
[Date "????.??.??"]
[Round "1.72"]
[White "Ortis, Yves"]
[Black "Rodgerson, Michael"]
[Result "1-0"]
[WhiteElo "1096"]
[BlackElo "1000"]
[PlyCount "59"]

1. d4 d5 2. Bf4 e5 3. Bxe5 Nc6 4. Bf4 Be6 5. a3 Qf6 6. e3 Be7 7. Nf3 Nh6 8. h3
O-O 9. Bd3 Nf5 10. Bg5 Qg6 11. Bxe7 Nfxe7 12. Bxg6 Nxg6 13. Qd2 Rae8 14. O-O a5
15. Nc3 Bf5 16. Nxd5 Rd8 17. Nxc7 Rd7 18. Nb5 Rd5 19. a4 Re8 20. c4 Rd7 21. d5
Nb8 22. Nbd4 Be4 23. Ng5 h6 24. Nxe4 Ne5 25. f4 Nxc4 26. Qe2 Rc8 27. Qg4 Rdd8
28. Nf5 Kf8 29. Qxg7+ Ke8 30. Nf6# 1-0

[Event "Tournoi Skype 029B"]
[Site "Skype"]
[Date "????.??.??"]
[Round "1.73"]
[White "Rodriguez, Gisselle"]
[Black "Delgado, Bryan"]
[Result "0-1"]
[WhiteElo "1000"]
[BlackElo "1089"]
[PlyCount "48"]

1. d4 d5 2. Nc3 e6 3. e3 Nf6 4. Bc4 dxc4 5. Nf3 Bb4 6. a3 Bxc3+ 7. bxc3 Ne4 8.
Nd2 Nxc3 9. Qh5 O-O 10. Bb2 Na4 11. Rb1 Nxb2 12. Rxb2 c3 13. Rb5 c6 14. Re5
cxd2+ 15. Kxd2 Nd7 16. h4 Nxe5 17. Qxe5 Qd5 18. Qxd5 exd5 19. h5 Bf5 20. e4
Bxe4 21. Re1 Bxg2 22. Rg1 Bf3 23. a4 Bxh5 24. Rh1 g6 0-1

[Event "Tournoi Skype 029B"]
[Site "Skype"]
[Date "????.??.??"]
[Round "1.74"]
[White "Funez, Lilian"]
[Black "Schllosser, Marcos Antonio"]
[Result "1-0"]
[WhiteElo "1088"]
[BlackElo "1000"]
[PlyCount "53"]

1. e4 g6 2. d4 Bg7 3. Nf3 d6 4. Be2 Nd7 5. O-O Ngf6 6. Bd3 e5 7. dxe5 dxe5 8.
Bc4 O-O 9. Ng5 h6 10. Nxf7 Rxf7 11. Nc3 Qe8 12. Nb5 c6 13. Nc7 Qe7 14. Nxa8 b6
15. Bxf7+ Kxf7 16. f4 h5 17. c3 Ng4 18. Qb3+ Kf6 19. fxe5+ Kxe5 20. Bf4+ Kxe4
21. Rae1+ Kf5 22. Qc2+ Kf6 23. Bd6+ Kg5 24. Bxe7+ Ndf6 25. Qd2+ Kh4 26. g3+ Kh3
27. Qg2# 1-0